000 01094nam a22002537a 4500
005 20170124102942.0
010 _aA-923313
020 _c150.00
_a8185828717
035 _aA-923313
037 _bCen Lib/Ret
040 _aDPL
_bHN
082 _a822
_bबोडस
100 _aबोडस, नाग
_948632
245 _aतीन नाटक :
_cनाग बोडस
_bवसीयत, दलित, तोता झूठ नहीं बोलता /
246 _aTeen natak : vasiyat, dalit, tota jhooth nahi bolta /
_bby Nag Bodas
260 _aनई दिल्ली
_bविधा विहार
_c1997
270 _a1675 कूचा दखनिराय, दरयागंज
_bनई दिल्ली
_e110002
300 _a174पृ.
_c20सेमी (सजिल्द)
650 _aहिंदी साहित्य
_948633
650 _aहिंदी साहित्य --नाटक
_948634
650 _aHindi literature
_948635
650 _aHindi literature--Drama
_948636
942 _2ddc
_cHN
_h822
_mबोडस
999 _c112654
_d112654